000 01574cam a22003737i 4500
999 _c63673
_d63673
001 768714001
003 CO-MdFUSB
005 20200414150738.0
007 cr cn|||||||||
008 130205r2012 sp |||||s|||||||||||spa d
020 _a9788499454481
_qelectrónico
040 _aCO-MdFUSBC
_bspa.
_cCO-MdFUSB
_dCO-MdFUSBC
_erda
041 _aspa
082 0 4 _a210
_223
100 _aRivas Rebaque, Fernando.
_eautor
245 3 _aLa vida cotidiana de los primeros cristianos
_c/ Fernando Rivas Rebaque.
_h[recurso electrónico]
264 1 _aEspaña :
_bVerbo Divino,
_c[2013]
264 4 _c© 2013
300 _arecurso en línea (251 páginas)
_c;
336 _2rdacontent
_atexto
_btxt
337 _2rdamedia
_ainformático
_bc
338 _2rdacarrier
_aremoto
_bcr
347 _2rda
_afichero de texto
_bHtml
490 _aQué se sabe de...
504 _aIncluye bibliografía selecta
505 _aPrimera parte: ¿Cómo hemos llegado hasta aquí? -- Segunda parte: ¿Cuáles son los aspectos centrales del tema? -- Tercera parte: Cuestiones abiertas en el debate actual. -- Cuarta parte: Relevancia actual del tema. -- Quinta parte: Para profundizar
516 _aTexto electrónico
538 _aAcceso a Internet; requiere usuario y clave asignada por la biblioteca
650 4 _aReligión.
856 4 0 _uhttp://site.ebrary.com/lib/unisbcsp/Doc?id=10693092
_b10693092
_zAbrir Versión electrónica del libro La vida cotidiana de los primeros cristianos
942 _cBK
945 _aJTF-925